000 00736nam a22001937a 4500
008 160318b xxu||||| |||| 00| 0 eng d
020 _a978-1-45225819-5 (pbk.)
082 _2 2014
_aDC 364.072
_bB12p
100 _93922
_aBachman, Ronet.
245 _aThe practice of research in criminology and criminal justice/
_cRonet Bachman, Russell K. Schutt.
250 _a5th edition.
260 _aLos Angeles :
_bSAGE,
_cc2014.
300 _axvii, 509 pages :
_billustrations;
_c26 cm.
500 _aIncludes bibliographical references (pages 470-485) and index.
650 0 _93925
_aCriminology
_xResearch.
650 0 _93926
_aCriminal justice, Administration of
_xResearch.
700 _93923
_aSchutt, Russell K.
942 _2ddc
_cDC
999 _c1328
_d1328